Effectif Naples (2024-2025) - Statistiques

Statistiques générales
  • Ce quiz a été pris 39 fois
  • Le résultat moyen est 14 sur 22
Statistiques - réponses
Par images Réponse % Correct
André-Frank Zambo Anguissa
100%
Romelu Lukaku
100%
David Neres
97%
Scott McTominay
94%
Alex Meret
92%
Giovanni Di Lorenzo
89%
Giovanni Simeone
72%
Stanislav Lobotka
72%
Leonardo Spinazzola
69%
Billy Gilmour
67%
Giacomo Raspadori
67%
Matteo Politano
67%
Noah Okafor
67%
Juan Jesus
64%
Alessandro Buongiorno
56%
Mathías Olivera
50%
Philip Billing
44%
Amir Rrahmani
39%
Cyril Ngonge
33%
Pasquale Mazzocchi
25%
Rafa Marín
25%
Simone Scuffet
25%
Aucun quiz correspondant
Distribution des résultats
% des personnes avec chaque résultat
Percentile par nombre de réponses
Votre historique - résultats
Vous n’avez pas pris ce quiz